Statystyki dla Dynusie Nazwane

Kliknij tutaj aby rozwiązać quiz!

Ogólne statystyki

  • Ten quiz został rozwiązany 7 razy
  • Średni wynik to 8 z 11

Statystyki odpowiedzi

hintimię lub nazwisko% Poprawnych
Kamiński, Pleśniak, KrawczykDynuś
100%
AlfonsinioAlf
75%
delVlickaDelfin
75%
Maloska, Bel, Honororia, MeczusaDynkowa
75%
Chair, Fokinis, Hi, MinkaFoczka
75%
Kasto, KastroKotka
75%
Maj, LoketMunia
75%
Bella, Ola, Beata, BePsiunia Biała
75%
Elkosa, AmbriczSówka
75%
Marta, Jadzia, HelgaStepociuk
75%
HellstrolsRexio
50%

Rozkład punktacji

Percentyl według liczby udzielonych odpowiedzi

Procent ludzi z każdym wynikiem

Twoja historia wyników

Nie rozwiązałeś tego quizu